000 00754nam a2200253Ia 4500
003 OSt
005 20220926015432.0
006 a|||||r|||| 00| 0
007 ta
008 220923b |||||||| |||| 00| 0 eng d
020 _a0312295219
037 _cGeneral Book
040 _aRTL
_cRTL
_beng
041 _2eng
_aeng
082 _aY9(X991), P3
100 _aTrouillot Michael-Rolph
_9322263
245 0 _aGlobal transformations.
_bAnthropology and the modern world
260 _aNew York
_bPalgrave Macmillan
_c2001
300 _a178p
_ccm.
500 _aBibliography P 157-172
650 _aSociology of Globalization
_9233396
942 _hY9(X991), P3
_cGB
_2CC
999 _c631525
_d631525